| 000 | 00442 a2200133 4500 | ||
|---|---|---|---|
| 020 | _a9789977679723 | ||
| 082 |
_a199.728.6 _bJ61i |
||
| 100 |
_aJimenez Matarrita, Alexander _91132 |
||
| 245 | _aEl imposible pais de los filosofos | ||
| 260 |
_aSan Jose, Costa Rica _bEdiciones Perro Azul _c2002 |
||
| 300 |
_a309 p _bill (col) _c21 cm |
||
| 650 |
_afilosofia costarricense _xnacionalismo _zCosta Rica _91133 |
||
| 700 |
_aAlexander Jimenez Matarrita _91134 |
||
| 999 |
_c244 _d244 |
||